LEADER 01012nam a2200217 i 4500 001 000000198679 003 CaOOAMICUS 005 20110314000000.0 008 110314s2004 it u000 u ita u 013 $a177369 040 $aSeMil$bita 245 10$aCrocifissioni :$bAndrea Ferrari Bordogna /$cpresentazioni di Marco Ferrari e Stefania Severi. 260 $a[S.l. :$bs.n.],$cstampa 2004. 300 $a1 v. :$bill. ;$c28 cm. 500 $aSul front. : 20 marzo-12 aprile 2004, Lodi: chiesa di S. Francesco, Corneliano Bertario di Trucazzano: castello borromeo, Lavagna di Comazzo: chiesa di S. Biagio. 700 1 $aSeveri, Stefania.$0(OLS)http://semarc/name/71897 700 1 $aFerrari, Marco .$0(OLS)http://semarc/name/33773 850 $aSeMil 852 $aSeMil$W1$xVenegono$y1$m5G IX 67$j149235$B149235$CSeMilBibl$Z2$F169108 $81 996 $6245$aCrocifissioni :$bAndrea Ferrari Bordogna$9(OLS)http://semarc/title/287156 996 $6260$a[S.l. :$bs.n.]$9(OLS)http://semarc/publisher/29751 LEADER 01665nam a2200289 i 4500 001 000000100797 003 CaOOAMICUS 005 20221011123552.0 008 170726s1626 it u000 u lat u 013 $a72949 026 $aeti- a-,& ruum eipr 1626 (A) 040 $aSeMil$bita 110 2 $aConfraternita di San Pietro Martire in Sant'Eustorgio .$0(OLS)http://semarc/name/92708 245 10$aBrevis, sed perlucida descriptio originis, nobilitatis, et privilegiorum milium Terrae Sanctae, qui equites S. Petris Martyris, & Sanctae Inquisitionis familiares Mediolani creantur, & nuncupantur. .. 260 $aMediolani, deinde Derthonae :$bApud Petrum Ioannem Calenzanum, & Elisaeum Violam,$c1626. 300 $a32 p. ;$c8°. 500 $aEmblema della congregazione sul front. in cornice xilogr. 500 $aSegn.: A-B8 650 4$aCongregazioni e confraternite religiose - Milano - Sec. 16.-18.$0(OLS)http://semarc/subject/49109 700 1 $aCalenzani, Pietro Giovanni & Viola, Eliseo,$c.$0(OLS)http://semarc/name/14843 850 $aSeMil 852 $aSeMil$W1$xVenegono$y1$m3Z I 8/8 FA$j57822$B57822$CSeMilBibl$Z2$F68308 $8I 941 1 $a10 961 $aRecupero: Mantegazza 996 $6245$aBrevis, sed perlucida descriptio originis, nobilitatis, et privilegiorum milium Terrae Sanctae, qui equites S. Petris Martyris, & Sanctae Inquisitionis familiares Mediolani creantur, & nuncupantur. ..$9(OLS)http://semarc/title/406764 996 $6260$aMediolani, deinde Derthonae :$bApud Petrum Ioannem Calenzanum, & Elisaeum Violam$9(OLS)http://semarc/publisher/56957